000
nam a22 7a 4500
999
_c
356123
_d
356123
003
NUST
005
20180124100238.0
008
180124b xxu||||| |||| 00| 0 eng d
040
_c
0
082
_a
628 MIN
245
_a
VAS User's Guide issue 2
260
_a
Uk
_b
Wagtech International
300
_a
55p.
500
_a
P.B
942
_2
ddc
_c
BK
_k
IESE